000
00280nam a2200097Ia 4500
008
220204s9999 xx 000 0 und d
082
_a
631.4:001.814(540)
_b
IIS
245
0
_a
IIS: Two decades of soil research
260
_a
Bhopal
_b
Indian Institute of Soil Science
_c
2009
942
_c
BK
999
_c
44374
_d
44374